| 000 | 00549nam a22001815i 4500 | ||
|---|---|---|---|
| 001 | 54543 | ||
| 003 | ES-MaACL | ||
| 005 | 20230906162955.0 | ||
| 007 | t| | ||
| 008 | 960719s1863 it ||||1| ita d | ||
| 040 |
_aCAM _bspa _cCAM |
||
| 100 | 1 |
_aFranchi, Ausonio. _952167 |
|
| 245 | 1 | 3 |
_aLa filosofía delle scuole italiane _b: lettere al professore G.-M. Bertini / _cpar Ausonio Franchi. |
| 250 | _a2ª ed., 1ª florentina. | ||
| 260 |
_aFirenze : _bFelice le Monnier, _c1863. |
||
| 300 |
_a497, [1] p. ; _c18 cm. |
||
| 852 |
_aES-MaACL _jD-1322 |
||
| 999 |
_c54543 _d54543 |
||